00873cam a2200229I 450000100060000000300080000600500170001400800410003103500170007203500370008904000370012604100080016308200220017110000320019324500750022525000260030026000550032630000540038150001560043550400300059165000220062130812BD-RjUL20211209051623.0140411s19561947caua b 000 0 eng d aMITb10907628 a(OCoLC)01549883a(BD-RjUL) 30899 aDLCcFQGdSERdOCLdBD-RjULbeng aeng a150.72bBRP 19561 aBrunswik, Egon,d1903-1955.10aPerception and the representative design of psychological experiments/ a2d ed., rev. and enl. aBerkeley :bUniversity of California Press,c1956. axii, 154 p. :billus., diagrs., tables. ;c27 cm. aFirst published in 1947 under title: Systematic and representative design of psychological experiments, with results in physical and social perception. aBibliography: p. 147-154. 0aPsychophysiology.